MARC

LEADER 00000nam0a2200000 4500
001 373352
005 20231102012546.0
010 |a 502028677X 
020 |a RU  |b 88-72921 
035 |a (RuTPU)RU\TPU\retro\30780 
035 |a RU\TPU\book\270312 
090 |a 373352 
100 |a 20221216d1988 k y0rusy5003 ca 
101 0 |a rus 
102 |a RU 
105 |a a z 001zy 
200 1 |a Имидазолиновые нитроксильные радикалы  |f Академия наук СССР (АН СССР), Сибирское отделение (СО), Новосибирский институт органической химии ; отв. ред. Ю. Н. Молин 
210 |a Новосибирск  |c Наука  |d 1988 
215 |a 212 с.  |c ил. 
320 |a Библиогр. в конце глав. 
606 1 |a Имидазолин и его производные  |x Химия  |2 stltpush  |3 (RuTPU)RU\TPU\subj\12398  |9 39185 
610 1 |a нитроксильные радикалы 
610 1 |a исследование 
610 1 |a гетероциклические радикалы 
610 1 |a химические свойства 
610 1 |a спиновая плотность 
610 1 |a реакционная способность 
610 1 |a окислительно-восстановительные реакции 
675 |a 547.78  |z rus  |v 3 
702 1 |a Молин  |b Ю. Н.  |g Юрий Николаевич  |4 340 
712 0 2 |a Академия наук СССР (АН СССР)  |b Сибирское отделение (СО)  |b Новосибирский институт органической химии  |2 stltpush  |3 (RuTPU)RU\TPU\col\13404 
801 0 |a RU  |b RuMRKP  |c 19950417  |g psbo 
801 1 |a RU  |b 63413507  |c 20140123 
801 2 |a RU  |b 63413507  |c 20221216  |g RCR 
942 |c BK